Northwest passage, (Record no. 7500)

MARC details
000 -LEADER
fixed length control field 00864cam a2200277I 4500
001 - CONTROL NUMBER
control field 66720
003 - CONTROL NUMBER IDENTIFIER
control field GBCCL
005 - DATE AND TIME OF LATEST TRANSACTION
control field 20241126110629.0
008 - FIXED-LENGTH DATA ELEMENTS--GENERAL INFORMATION
fixed length control field 751114s1937 nyu 000 1 eng
010 ## -
-- 37020753
035 ## - SYSTEM CONTROL NUMBER
System control number (OCoLC)01834475
040 ## - CATALOGING SOURCE
Original cataloging agency DLC
Transcribing agency SMI
Modifying agency OCL
049 ## -
-- LBBK
050 0# -
-- PZ3
-- .R54263No
082 ## - DEWEY DECIMAL CLASSIFICATION NUMBER
Classification number 813.54
Item number ROB
090 ## - LOCALLY ASSIGNED LC-TYPE CALL NUMBER (OCLC); LOCAL CALL NUMBER (RLIN)
Classification number (OCLC) (R) ; Classification number, CALL (RLIN) (NR) PZ3.R54263
Local cutter number (OCLC) ; Book number/undivided call number, CALL (RLIN) No
100 1# - MAIN ENTRY--PERSONAL NAME
Personal name Roberts, Kenneth Lewis,
Dates associated with a name 1885-1957.
9 (RLIN) 13250
245 10 - TITLE STATEMENT
Title Northwest passage,
Statement of responsibility, etc. by Kenneth Roberts.
250 ## - EDITION STATEMENT
Edition statement "First edition."
260 ## - PUBLICATION, DISTRIBUTION, ETC.
Place of publication, distribution, etc. Garden City, N.Y.,
Name of publisher, distributor, etc. Doubleday, Doran & company, inc.,
Date of publication, distribution, etc. 1937.
300 ## - PHYSICAL DESCRIPTION
Extent 5 p. l., 3-709, [1] p.
Dimensions 21 cm.
500 ## - GENERAL NOTE
General note Maps on lining-papers.
500 ## - GENERAL NOTE
General note "Book I of this novel appeared serially under the title of �Rogers' rangers'."
600 10 - SUBJECT ADDED ENTRY--PERSONAL NAME
Personal name Rogers, Robert,
Dates associated with a name 1731-1795
General subdivision Fiction.
9 (RLIN) 13251
942 ## - ADDED ENTRY ELEMENTS (KOHA)
Source of classification or shelving scheme Dewey Decimal Classification
Koha item type Books
Holdings
Withdrawn status Lost status Source of classification or shelving scheme Damaged status Not for loan Home library Current Library Shelving location Date acquired Total checkouts Full call number Barcode Date last seen Copy number Price effective from Koha item type
    Dewey Decimal Classification     GRACE BIBLE COLLEGE GRACE BIBLE COLLEGE General Studies 2018-08-16   813.54 ROB 002694 2025-05-01 c.1 2018-08-16 Books
© Grace Bible College Library 2025